LEADER 00929nam0-22003251i-450 001 990004603760403321 005 20220630125644.0 010 $a2-13-040006-x 035 $a000460376 035 $aFED01000460376 035 $a(Aleph)000460376FED01 035 $a000460376 100 $a19990530d1987----km-y0itay50------ba 101 0 $aita 105 $ay-------001yy 200 1 $aFragments$fHeraclite$gtexte etabli$gtraduit$gcommente par Marcel Conche 205 $a2e ed. 210 $aParis$cPresses Universitaires de France$d1987 215 $a496 p.$d22 cm 225 1 $aEpimethee 500 1 $a$951223 700 1$aHeraclitus :$cEphesius$f<6.-5. sec. a. C.>$0392743 702 1$aConche,$bMarcel 801 0$aIT$bUNINA$gRICA$2UNIMARC 901 $aBK 912 $a990004603760403321 952 $a190 EPIN 077 ed. 2.$bbibl.7215$fFLFBC 959 $aFLFBC 996 $aFragmenta$951223 997 $aUNINA LEADER 02949 am 2200613 n 450 001 9910495921503321 005 20210115 010 $a2-8028-0255-0 024 7 $a10.4000/books.pusl.26644 035 $a(CKB)5590000000433150 035 $a(FrMaCLE)OB-pusl-26644 035 $a(oapen)https://directory.doabooks.org/handle/20.500.12854/86852 035 $a(PPN)253362687 035 $a(EXLCZ)995590000000433150 100 $a20210129j|||||||| ||| 0 101 0 $afre 135 $auu||||||m|||| 181 $ctxt$2rdacontent 182 $cc$2rdamedia 183 $acr$2rdacarrier 200 10$aProtéger le patrimoine culturel : à qui incombe la charge ? /$fMarie-Sophie de Clippele 210 $aBruxelles $cPresses de l?Université Saint-Louis$d2021 215 $a1 online resource (805 p.) 225 1 $aCollection générale 311 $a2-8028-0253-4 330 $aLa charge normative du patrimoine culturel, reposant dans le droit actuel essentiellement sur les épaules du propriétaire (public ou privé), aurait augmenté à mesure de l?intervention de l?autorité publique dans le droit de propriété. Après une analyse historique (partie 1) et une évaluation (partie 2) de l?inflation de la charge en droit belge du patrimoine culturel, cet ouvrage propose des réflexions prospectives quant à une répartition plus équilibrée de celle-ci (partie 3). Le modèle de la propriété culturelle d?intérêt partagé est ainsi développé, reprenant non seulement les droits et les intérêts du propriétaire et de l?autorité publique, mais accueillant aussi ceux de l?acteur collectif (individu, communauté). L?autre versant du modèle repose sur la responsabilité partagée du patrimoine culturel, permettant de mieux répartir la prise en charge du patrimoine entre ces trois acteurs. Ce modèle de protection patrimoniale bicéphale est opérationnalisé par des outils de droit privé (contrat, fondation, trust), ainsi que par des modalités de financement alternatif. 517 $aProtéger le patrimoine culturel 517 $aProtéger le patrimoine culturel 517 $aProtéger le patrimoine culturel  606 $aLaw 606 $adroit 606 $apatrimoine culturel 606 $apropriété 606 $acharge 606 $aresponsabilité 610 $adroit 610 $apatrimoine culturel 610 $apropriété 610 $acharge 610 $aresponsabilité 615 4$aLaw 615 4$adroit 615 4$apatrimoine culturel 615 4$apropriété 615 4$acharge 615 4$aresponsabilité 700 $aClippele$b Marie-Sophie de$01307578 701 $aCornu$b Marie$0780492 701 $aOst$b François$0406728 801 0$bFR-FrMaCLE 906 $aBOOK 912 $a9910495921503321 996 $aProtéger le patrimoine culturel : à qui incombe la charge$93028815 997 $aUNINA LEADER 01644nas 2200481- 450 001 9910291743303321 005 20230125213019.0 011 $a2620-8849 035 $a(OCoLC)1096814188 035 $a(CKB)4100000007108701 035 $a(CONSER)--2019252147 035 $a(DE-599)ZDB2951386-8 035 $a(EXLCZ)994100000007108701 100 $a20181111a20069999 --- - 101 0 $aeng 135 $aur||||||||||| 181 $2rdacontent 182 $cc$2rdamedia 183 $acr$2rdacarrier 200 00$aEko-Regional 210 1$aPurwokerto, Jawa Tengah, Indonesia :$cJurusan Ilmu Ekonomi dan Studi Pembangunan, Universitas Jenderal Soedirman :$cIkatan Sarjana Ekonomi Indonesia, Cabang Purwokerto,$d[2006]- 215 $a1 online resource 300 $aRefereed/Peer-reviewed 311 08$a1907-6827 517 1 $aJurnal pembangunan ekonomi wilayah 517 1 $aJournal of regional economic development 531 1 $aEko-Regional 606 $aEconomics$zIndonesia$vPeriodicals 606 $aEconomic development$zIndonesia$vPeriodicals 606 $aEconomic development$2fast$3(OCoLC)fst00901785 606 $aEconomics$2fast$3(OCoLC)fst00902116 607 $aIndonesia$2fast 608 $aPeriodicals.$2fast 615 0$aEconomics 615 0$aEconomic development 615 7$aEconomic development. 615 7$aEconomics. 712 02$aUniversitas Jenderal Soedirman.$bJurusan Ilmu Ekonomi dan Studi Pembangunan, 712 02$aIkatan Sarjana Ekonomi Indonesia.$bCabang Purwokerto, 906 $aJOURNAL 912 $a9910291743303321 996 $aEko-Regional$92276223 997 $aUNINA